000
00241nam a2200097Ia 4500
008
170619s9999 xx 000 0 und d
100
_a
Patil- M.B
245
0
_a
Simulation of Power Electronic Circuits
260
_b
Narora Pub. House
260
_c
2013
546
_a
ENGLISH
999
_c
21348
_d
21348